000 00472nam a22001817a 4500
003 OSt
005 20160715181747.0
008 160715b xxu||||| |||| 00| 0 eng d
020 _a0-375-71986-5
040 _cLIC
082 _22002
_aDRef 423
_bSch6
245 _aSchool & office dictionary.
250 _aSecond Edition
260 _aNew York:
_bRandom House Reference,
_cc2002.
300 _ax, 630 pages;
_c21 cm.
650 0 _911411
_aDictionaries
942 _2ddc
_cDREF
999 _c3420
_d3420